Loading...
| Current Events | 1 | 30.00 | 100% | 100% | 100% |
| Fine Arts - Classical Music | 4 | 20.00 | 75% | 100% | 25% |
| Fine Arts - Other Fine Arts | 5 | 16.00 | 100% | 40% | 20% |
| Geography | 2 | 30.00 | 100% | 100% | 100% |
| History - American History | 5 | 24.00 | 100% | 100% | 40% |
| History - European History | 4 | 25.00 | 100% | 75% | 75% |
| History - Other History | 4 | 25.00 | 100% | 100% | 50% |
| History - World History | 6 | 28.33 | 100% | 100% | 83% |
| Literature - American Literature | 4 | 17.50 | 100% | 50% | 25% |
| Literature - British Literature | 7 | 17.14 | 100% | 57% | 14% |
| Literature - European Literature | 2 | 15.00 | 100% | 50% | 0% |
| Literature - World Literature | 5 | 16.00 | 100% | 40% | 20% |
| Mythology | 4 | 20.00 | 100% | 75% | 25% |
| Painting/Sculpture | 5 | 28.00 | 100% | 100% | 80% |
| Philosophy | 4 | 25.00 | 100% | 100% | 50% |
| Pop Culture | 3 | 16.67 | 100% | 33% | 33% |
| Religion | 5 | 18.00 | 100% | 80% | 0% |
| Science - Biology | 6 | 21.67 | 100% | 83% | 33% |
| Science - Chemistry | 3 | 26.67 | 100% | 100% | 67% |
| Science - Other Science | 6 | 16.67 | 83% | 67% | 17% |
| Science - Physics | 5 | 16.00 | 100% | 60% | 0% |
| Social Science | 3 | 23.33 | 100% | 100% | 33% |